| 000 | 00372nam a2200157Ia 4500 | ||
|---|---|---|---|
| 005 | 20250603145457.0 | ||
| 008 | 250603s9999 xx 000 0 und d | ||
| 020 | _a9780199687817 | ||
| 050 | _aR 121 .C66/ | ||
| 245 | 0 | _aOxford concise medical dictionaary | |
| 260 | _aOxford | ||
| 260 | _bOxford University Press | ||
| 260 | _c2015 | ||
| 650 | _aOxford | ||
| 942 | _cBK | ||
| 999 |
_c41971 _d41971 |
||